| 000 | 00711nam a22002417a 4500 | ||
|---|---|---|---|
| 003 | OSt | ||
| 005 | 20140507150024.0 | ||
| 008 | 140507b xxu||||| |||| 00| 0 eng d | ||
| 020 | _a9719299509 | ||
| 050 |
_aHB 615 _b.C683 2004 |
||
| 100 | _aColayco, Francisco J. | ||
| 245 |
_aMaking your money work : _bpera mo, palaguin mo!. / _cFrancisco J. Colayco. |
||
| 260 |
_aPhilippines : _bColayco Foundation for Education, Inc, _cc2004. |
||
| 300 |
_a231 p. : _bill. ; _c22 cm. |
||
| 521 | _aBSBA | ||
| 650 | _aEntrepreneur books. | ||
| 650 | _aFundamentals of investments. | ||
| 650 | _aFundamentals of finance. | ||
| 942 |
_2lcc _cBK _kFIL |
||
| 999 |
_c115841 _d115841 |
||